000 00787nas a2200265 4500
001 BR2013005626
003 BR-BrBNA
005 20231205122647.0
007 ta
008 230509b bl.|||p| |||| 00| 00por d
040 _aBR-BrBNA
_bpor
_cBiblioteca Nacional de Agricultura
041 _a(En)
072 _aL02
100 1 _aCosse, M.
100 1 _aGonzález, S.
100 1 _aGimenez-Dixon, M.
245 1 _aFeeding ecology of Ozotoceros bezoarticus: conservation implications in Uruguay
650 _aVEADO CAMPEIRO
650 _aDIETA
650 _aMANEJO
650 _aCOMPORTAMENTO
773 0 _tIheringia. Série Zoologia (Brazil)
_xISSN 0073-4721
_g(Jun 2009), v. 99(2) p. 158-164
_wBR2013005626
909 _a202311
_bLúcia
_c55
_dLúcia Elande
942 _2AGRIS
_n0
_cANA
999 _c229839
_d229839